000 00357nam a2200169Ia 4500
100 _aLimb/Peter
650 _aBiography
942 _cBK
366 _f25
654 _anelson mandela
245 _aNelson mandela:Biography
260 _bJaico Publishing House
_c2016
082 _bLIM
300 _a144
546 _aENGLISH
_cComputers
999 _c26838
_d26838